000 00634nam a2200181Ia 4500
008 100921s9999 xx 000 0 und d
082 _b9734
_a808.068 थ 69
100 _aबेंद्रे अ.वि.
245 _aद्वारकेचा दणका.
260 _bवोरा अँड कंपनी,मुंबई.
_c1969
300 _a39
_b---
365 _b2
520 _aललित-बालवाङ्रमय.
630 _aद्वारकेचा दणका.
650 _aललित-बालवाङ्रमय.
730 _aद्वारकेचा दणका.
942 _cBOOK
999 _c758847
_d758844